| 000 | 00794nam a2200229Ia 4500 | ||
|---|---|---|---|
| 003 | GCL | ||
| 008 | 140319s9999 xx 000 0 ara d | ||
| 020 | _a4450232977 | ||
| 040 |
_aGCL / _cGCL |
||
| 082 | 0 | 4 |
_a371.33 _bم م |
| 100 | 1 | _aمحمد عبدالحميد | |
| 245 | 1 | 0 |
_aمنظومة التعليم عبر الشبكات / _cمحمد عبدالحميد |
| 250 | _aالاولى | ||
| 260 |
_aالقاهرة : _bعالم الكتب ، _c2005 |
||
| 300 |
_a399 ص ؛ _c24 سم |
||
| 650 | 0 | 4 | _aطرق التدريس |
| 650 | 0 | 4 | _aالوسائل التعليمية |
| 650 | 0 | 4 | _aالتعليم بالحاسبات الالكترونية |
| 650 | 0 | 4 | _aالتعليم بالانترنت |
| 650 | 0 | 4 | _aالتعليم - الوسائل السمعية والبصرية |
| 942 |
_2ddc _cBK |
||
| 999 |
_c9732 _d9732 |
||